| 000 | 00845nam a22001577a 4500 | ||
|---|---|---|---|
| 003 | OSt | ||
| 005 | 20161022140518.0 | ||
| 008 | 161022b xxu||||| |||| 00| 0 eng d | ||
| 040 | _cRUA | ||
| 082 | _aVEM SES 2015 B484 Or.1 | ||
| 100 |
_910838 _aSES SOPHEAK; សែស សុភ័ក្រ្ត |
||
| 245 | _aServey on common diseases in suckling piglet in cambodia china breeding pig demonstration farm at sen sok district, phnom penh, ការអង្កេតជំងឺដែលជួបប្រទះលើកូនជ្រូកបំបៅដោះនៅស្ថានីយ៍ចិញ្ចឹមជ្រូកពូជបង្ហាញកម្ពុជា-ចិន ខណ្ឌសែនសុខ រាជធានីភ្នំពេញ | ||
| 260 |
_aRUA _bSES _c2015 |
||
| 300 |
_axi,42p. _bill. _c29cm. |
||
| 942 |
_2ddc _cVEM |
||
| 999 |
_c10433 _d10433 |
||